| 000 | 00758cam a2200265 a 4500 | ||
|---|---|---|---|
| 001 | 1462037 | ||
| 003 | TR-AnTOB | ||
| 005 | 20240724141934.0 | ||
| 008 | 860911s1987 enk b 000 0 eng | ||
| 010 | _a 86024034 | ||
| 020 |
_a0709919646 : _c$25.50 |
||
| 040 |
_aDLC _cDLC _dDLC |
||
| 041 | 1 |
_aeng _htur |
|
| 043 | _aa-tu--- | ||
| 050 | 0 | 0 |
_aKKX3663 _b.O4813 1987 |
| 090 |
_aKKX3663 _b.O4813 1987 |
||
| 100 | 1 |
_aÖkte, Faik, _d1902- |
|
| 240 | 1 | 0 |
_aVarlık vergisi faciası. _lEnglish |
| 245 | 1 | 4 |
_aThe tragedy of the Turkish capital tax / _cFaik Ökte ; translated by Geoffrey Cox. |
| 264 | 1 |
_aLondon ; _bCroom Helm, _c1987. |
|
| 300 |
_axx, 95 p. ; _c23 cm. |
||
| 942 |
_2lcc _cBK |
||
| 999 |
_c200426995 _d44919 |
||